000 01208njm a22002657a 4500
005 20100901115333.0
006 a|||||r|||||00| 0
007 sd ammalaaahaa
008 100901t xxu||||| |||| 00| 0 eng d
028 _aN 53880
_bHis Master's Voice
035 _aGR-01782
040 _aSED
_cSED
100 _aMangeshkar, Lata
_917891
245 _aJab Pyar Kisise Hota Hai /
_cby Lata Mangeshkar ; music by Shankar Jaikishan ; lyrices by Shailendra
_h[Sound recording]
246 _aजब प्यार किसीसे होता है / लता मंगेशकर
260 _aDUM DUM, India
_bHis Master's Voice
_c1967
300 _a1 Sound disc [Gramophone Recording] :
_banalog, 33 1/3 rpm
_c9.5 in. (MP)
_fGramophone Record
500 _aBrief record
505 _aSide-1 नजर मेरे दिल के पार ( Najar mere dil ke par) --Side-2 जब प्यार किसीसे (Jab pyar kisise) (Lata Mangeshkar)
650 _aClassical music
_xExcerpts
_zIndia
_917892
700 _aJaikishan, Shankar
_919150
700 _aShailendra
_919099
942 _2ddc
_cGR
999 _c44985
_d44985